Собрание романов. [Т. 6]: Необыкновенные приключения Синего человека (Запись № 7292010)
[ простой вид ]
| 000 -МАРКЕР | |
|---|---|
| контрольное поле | 01126nam2a22002411 4500 |
| 001 - ИДЕНТИФИКАТОР ЗАПИСИ | |
| контрольное поле | rc\109021 |
| 005 - ИДЕНТИФИКАТОР ВЕРСИИ | |
| контрольное поле | 20250620201113.0 |
| 010 ## - МЕЖДУНАРОДНЫЙ СТАНДАРТНЫЙ НОМЕР КНИГИ (ISBN) | |
| Номер (ISBN) | 5-86218-011-7 |
| Тираж | 100000 |
| 035 ## - ДРУГИЕ СИСТЕМНЫЕ НОМЕРА | |
| Идентификатор записи | (NLR Aleph) 005402806 |
| 100 ## - ДАННЫЕ ОБЩЕЙ ОБРАБОТКИ | |
| Данные общей обработки | 20021216d1992 |||y0rusy50 ca |
| 101 0# - ЯЗЫК РЕСУРСА | |
| Язык текста, звукозаписи и т.д. | русский |
| 102 ## - СТРАНА ПУБЛИКАЦИИ ИЛИ ПРОИЗВОДСТВА | |
| Страна публикации | Российская Федерация |
| 105 ## - ПОЛЕ КОДИРОВАННЫХ ДАННЫХ: ТЕКСТОВЫЕ МАТЕРИАЛЫ, МОНОГРАФИЧЕСКИЕ | |
| Кодированные данные о монографическом текстовом документе | a ||||||||| |
| 200 1# - ЗАГЛАВИЕ И СВЕДЕНИЯ ОБ ОТВЕТСТВЕННОСТИ | |
| Основное заглавие | Необыкновенные приключения Синего человека |
| Сведения, относящиеся к заглавию | Ч. 1-2 |
| Первые сведения об ответственности | [Пер. Н. Звенигородской |
| Последующие сведения об ответственности | Примеч. Ш. Барим] |
| 210 ## - ПУБЛИКАЦИЯ, РАСПРОСТРАНЕНИЕ И ДР. | |
| Дата издания, распространения и т.д. | 1992 |
| Место издания, распространения и т.д. | Б. м. |
| 215 ## - ФИЗИЧЕСКАЯ ХАРАКТЕРИСТИКА | |
| Специфическое обозначение материала и объем | 265, [2] с., [8] л. цв. ил. |
| Размеры | 22 |
| 461 #0 - УРОВЕНЬ НАБОРА | |
| Встроенное поле | 001rc\109017 |
| -- | 2001#$aСобрание романов$eПер. с фр.$fЛуи Буссенар$g[Худож. А. Махов]$v[Т. 6] |
| -- | 700#1$aБуссенар$bЛ.А.$gЛуи Анри$f1847-1910 |
| Системный номер (АБИС) связанной записи | 7291975 |
| Автор | Буссенар, Л.А. (1847-1910) |
| Место публикации | М. |
| Дата публикации | 1992- |
| Первые сведения об ответственности | Луи Буссенар |
| Имя издателя, распространителя и т.д. | Науч.-изд. центр "Ладомир" |
| Сведения, относящиеся к заглавию | Пер. с фр. |
| Заглавие | Собрание романов |
| ISBN | 5862180028 |
| Номер тома | [Т. 6] |
| 801 #0 - ИСТОЧНИК ЗАПИСИ | |
| Страна | Российская Федерация |
| Организация | NLR |
| Правила каталогизации | psbo |
| 801 #1 - ИСТОЧНИК ЗАПИСИ | |
| Страна | Российская Федерация |
| Организация | ELAR |
| Источник данных | rusmarc |
| 852 ## - МЕСТОНАХОЖДЕНИЕ И ШИФР ХРАНЕНИЯ | |
| Идентификатор организации | NLR |
| Шифр хранения (Call Number) | 91-3/6934 |
| 942 ## - ДОПОЛНИТЕЛЬНЫЕ ЭЛЕМЕНТЫ ЗАПИСИ (АБИС) | |
| Тип экземпляра АБИС | Книга |
| 980 ## - КОЛЛЕКЦИЯ | |
| Название коллекции | Национальная библиография |
| Тип экземпляра | Дата поступления | Библиотека постоянного хранения | Библиотека текущего хранения | Место хранения | Шифр хранения | Штрих-код | Статус экземпляра | Стоимость |
|---|---|---|---|---|---|---|---|---|
| Книга | 26.10.2013 | РНБ (Московский) | РНБ (Московский) | Русский книжный фонд: издания с 1957 года | 91-3/6934 | 5402806-10 | ||
| Книга | 31.07.2020 | РНБ (Московский) | РНБ (Московский) | Обменный фонд | 1-938949 | 85.00 |